Prevención de Riesgos Laborales en Construcción : EOCB0108 /

Đã lưu trong:
Chi tiết về thư mục
Tác giả chính: Pérez Huguet, Roberto (autor.)
Định dạng: eBook
Ngôn ngữ:Tiếng Tây Ban Nha
Được phát hành: Málaga : IC Editorial, 2025.
Những chủ đề:
Truy cập trực tuyến:https://elibro.unach.elogim.com/es/lc/unach/titulos/290532
Các nhãn: Thêm thẻ
Không có thẻ, Là người đầu tiên thẻ bản ghi này!

MARC

LEADER 00000nam a2200000 i 4500
001 ELB290532
003 FINmELB
005 20260122153000.0
006 m o d |
007 cr cnu||||||||
008 251225s2025 sp ob 001 0 spa d
020 |a 9788411848091  |q (e-book) 
035 |a (OCoLC)1569876492 
040 |a FINmELB  |b spa  |e rda  |c FINmELB 
050 4 |a T55  |b P438 2025 
080 |a 62-783 
082 0 4 |a 658.408  |2 23 
100 1 |a Pérez Huguet, Roberto,  |e autor. 
245 1 0 |a Prevención de Riesgos Laborales en Construcción :  |b EOCB0108 /  |c Roberto Pérez Huguet. 
264 1 |a Málaga :  |b IC Editorial,  |c 2025. 
300 |a 1 recurso en línea (197 páginas) 
336 |a texto  |b txt  |2 rdacontent/spa 
337 |a computadora  |b c  |2 rdamedia/spa 
338 |a recurso en línea  |b cr  |2 rdacarrier/spa 
500 |a Incluye índice. 
504 |a Incluye bibliografía. 
588 |a Descripción basada en metadatos suministrados por el editor y otras fuentes. 
590 |a Recurso electrónico. Santa Fe, Arg.: elibro, 2026. Disponible vía World Wide Web. El acceso puede estar limitado para las bibliotecas afiliadas a elibro. 
650 4 |a Seguridad industrial. 
655 4 |a Libros electrónicos. 
797 2 |a elibro, Corp. 
856 4 0 |u https://elibro.unach.elogim.com/es/lc/unach/titulos/290532